00942nam a2200193 a 450000100100000000500170001000800410002704000250006810000350009324501100012826000680023830000200030650000420032650400270036895201200039595201050051595201110062099900170073100003799720201002031140.0130311s2008 dr 000 0 spa d aDO-SdBNPbspacBNPHU1 aCarrión M. Fernándo96440310aInterrogatorio a la descentralización latinoamericana :b25 años después /cFernándo Carrión M. aSanto Domingo :bConsejo Nacional de Reforma del Estado,c2008. a33 p. ;c22 cm. aIncluye notas al pie de las páginas aBibliografía : p. 33 001054708DSaGRbGRcCTd2013-03-11iLF1l0o p37997-30r2020-06-25te. 3w2020-06-25yLFDSZPréstamo en sala 0010718PDaPDbPDcCTd2013-03-11iLF1l0o p37997-10r2020-06-25w2020-06-25yLFPDZNo se presta 0010718PDaPDbPDcCTd2013-03-11iLF1l0o p37997-20r2020-06-25te. 2w2020-06-25yLFPDZNo se presta c37487d37487